000 01049cam a22003017a 4500
001 13442701
003 CEME
005 20210628201534.0
008 031222s2004 enka b 001 0 eng d
010 _a 2003116912
015 _aGBA3-X8890
020 _a1853129518
035 _a(DLC)13442701
040 _aUKM
_cUKM
_dC#P
_dDLC
042 _alccopycat
050 0 0 _aTA492.W4
_bN45 2004
082 0 0 _a671.5/20423
_222
100 1 _aNguyen, N. T.
_955722
245 1 0 _aThermal analysis of welds
_cN.T. Nguyen.
260 _aSouthampton ;
_aBoston :
_bWIT,
_cc2004.
300 _a334 p. :
_bill. ;
_c24 cm. +
_e1 CD-ROM (4 3/4 in.).
440 0 _aInternational series on developments in heat transfer,
_x1369-7331 ;
_vv. 14
_955723
504 _aIncludes bibliographical references and index.
538 _aSystem requirements: 64 MB RAM; 100 MB disk space; Pentium 3, 500 MHz, Windows OS; Fortran source codes requires Fortan compiler.
650 0 _aWelded joints
_xTesting.
_955724
650 0 _aThermal analysis.
_9841
942 _2ddc
_cBK
999 _c566449
_d566449